000 01011nam a2200301 i 4500
003 EG-GICUC
005 20260208074042.0
008 260208s1934 fr ||||fr|||| 000 0 fre d
040 _aEG-GiCUC
_bfre
_cEG-GiCUC
_dEG-GiCUC
_eRda
041 0 _afre
082 0 4 _221
_a341.8
_bME . M
092 0 4 _221
099 _aLaw1 12 341.8 ME . M 1934
100 1 _aMeylan M.
_eAuteur
245 1 4 _aLes Mariages mixtes en afrique du nord :
_bConclusion. Effets sur la personne et les biens.Dissolution /
_cMeylan M.
264 _aParis :
_bLibrairie du recueil sirey,
_c1934.
300 _a 348 page ;
_c 24 cm.
336 _2rda contenu
_a texte
337 _2rda medias
_aOrdinateur
338 _2 transporteur rda
_a Ressource en ligne
504 _aComprend des références bibliographiques.
546 _aTexte en français
650 1 0 _aDroit international privé
_2qrmak
651 1 _2qrmak
856 4 0 _uhttps://fll.law.cu.edu.eg/fulltext/bks/B12-02073.pdf
905 _a78
942 _2ddc
_cBK
_e21
_n0
999 _c61458
_d61458